Personnages célèbres - Série 68 - Statistiques

Statistiques générales
  • Ce quiz a été pris 143 fois
  • Le résultat moyen est 7 sur 15
Statistiques - réponses
Par images Hint Réponse % Correct
Selena - actrice Gomez
90%
Jennifer - actrice Aniston
86%
Quentin - réalisateur Tarantino
83%
chanteuse belge Angèle
69%
Emmanuel - comédien Moire
66%
Maria - tennis Sharapova
55%
Helmut - chancelier Kohl
54%
Anna - tennis Kournikova
41%
Sergueï - perche Bubka
39%
Camille - natation Muffat
23%
Victoria - mannequin Silvstedt
20%
Laurent - navigateur Bourgnon
16%
Carlos - boxe Monzon
13%
Alain - football (coach) Perrin
11%
Géraldine - actrice Danon
2%
Aucun quiz correspondant
Distribution des résultats
% des personnes avec chaque résultat
Percentile par nombre de réponses
Votre historique - résultats
Vous n’avez pas pris ce quiz